Statistics for Countries with Brown Bears

Click here to take the quiz!

General Stats

  • This quiz has been taken 20 times
  • The average score is 42 of 47

Answer Stats

Continent Country % Correct
EuropeLatvia
100%
North AmericaUnited States of America
100%
EuropeUkraine
100%
AsiaMongolia
100%
AsiaIran
100%
AsiaChina
100%
Asia/ EuropeRussia
100%
EuropeFinland
95%
EuropeAlbania
95%
AsiaIraq
95%
EuropePoland
95%
EuropeRomania
95%
EuropeEstonia
95%
EuropeLithuania
95%
North AmericaCanada
95%
EuropeSweden
95%
Asia/ EuropeTurkey
95%
EuropeAustria
95%
EuropeSlovenia
89%
EuropeNorway
89%
AsiaTajikistan
89%
EuropeNorth Macedonia
89%
AsiaNepal
89%
AsiaTurkmenistan
89%
AsiaUzbekistan
89%
AsiaKyrgyzstan
89%
AsiaKazakhstan
89%
EuropeCroatia
89%
AsiaAzerbaijan
89%
EuropeItaly
89%
EuropeBelarus
89%
EuropeGreece
89%
EuropeFrance
89%
AsiaArmenia
84%
AsiaBhutan
84%
EuropeBosnia and Herzegovina
84%
EuropeBulgaria
84%
EuropeSpain
84%
AsiaAfghanistan
84%
EuropeSlovakia
84%
AsiaGeorgia
84%
AsiaPakistan
84%
AsiaIndia
84%
AsiaNorth Korea
84%
AsiaJapan
79%
EuropeSerbia
79%
EuropeMontenegro
68%

Score Distribution

Percentile by Number Answered

Percent of People with Each Score

Your Score History

You have not taken this quiz